<Das> Wildenten Prinzip <Die> Strategie von Kampf und Konsens im Management

Salvato in:
Dettagli Bibliografici
Autore principale: Haumer, Hans
Natura: Libro
Lingua:tedesco
Pubblicazione: Wien Orac 1994
Edizione:1. Aufl.
Soggetti:
Tags: Aggiungi Tag
Nessun Tag, puoi essere il primo ad aggiungerne!!

MARC

LEADER 00000nam a2200000 4500
001 c006168
005 20221221080731.3
020 |a 3-7015-0317-6 
041 0 |a ger 
044 |a AT 
245 1 0 |a <Das> Wildenten Prinzip  |b <Die> Strategie von Kampf und Konsens im Management  |c Hans Haumer 
250 |a 1. Aufl. 
264 1 |a Wien  |b Orac  |c 1994 
300 |a 319 s. 
610 2 0 |a manažment 
610 2 0 |a príroda 
610 2 0 |a bioenergetika 
610 2 0 |a teória chaosu 
610 2 0 |a teórie ekonomické 
610 2 0 |a komunikácia 
610 2 0 |a organizácia 
100 1 |a Haumer, Hans